[Event "Udaipur Kingdom of Chess op 1st"]
[Site "Udaipur"]
[Date "2024.10.24"]
[Round "4"]
[White "Merryston, David Scanny"]
[Black "Iyer, Arvind"]
[Result "0-1"]
[WhiteElo "1782"]
[BlackElo "1962"]
[PlyCount "88"]
[EventDate "2024.10.23"]
[EventType "swiss"]
[EventRounds "9"]
[EventCountry "IND"]
[SourceTitle "CB44_2024"]
[Source "Chessbase"]
[SourceDate "2024.10.30"]
[SourceVersion "1"]
[SourceVersionDate "2024.10.30"]
[SourceQuality "1"]

1. d4 Nf6 2. c4 c5 3. d5 b5 4. cxb5 a6 5. e3 e6 6. dxe6 fxe6 7. Nc3 d5 8. Nf3 Bd6 9. e4 Be7 10. bxa6 d4 11. Nb5 Nxe4 12. Bd3 Nf6 13. 0-0 0-0 14. Qe2 Nxa6 15. Ng5 Qb6 16. Bc4 Nd5 17. Bxd5 exd5 18. Qxe7 Qxb5 19. Nxh7 Re8 20. Qh4 Bf5 21. Nf6+ gxf6 22. Qg3+ Kf7 23. Bh6 Rg8 24. Qf4 Qd3 25. Rae1 Rad8 26. f3 Bh3 27. Rf2 Rde8 28. Qc1 Rxe1+ 29. Qxe1 Nb4 30. Re2 Nc6 31. Bf4 Qxf3 32. Bg3 Bxg2 33. Rxg2 Qe3+ 34. Kh1 Qxe1+ 35. Bxe1 Re8 36. Bd2 Ne5 37. h3 c4 38. Rf2 Nd3 39. Rf5 Ke6 40. Rf1 Nxb2 41. Re1+ Kf7 42. Rxe8 Kxe8 43. h4 c3 44. Bc1 d3 0-1